The Income-tax act, 1922 (XI of 1922) : (Record no. 58704)

MARC details
000 -LEADER
fixed length control field 00811cam a22002411 4500
001 - CONTROL NUMBER
control field sa 64004709
003 - CONTROL NUMBER IDENTIFIER
control field DLC
005 - DATE AND TIME OF LATEST TRANSACTION
control field 20260227112027.0
008 - FIXED-LENGTH DATA ELEMENTS--GENERAL INFORMATION
fixed length control field 910124s1963 pk 000 0 eng
010 ## - LIBRARY OF CONGRESS CONTROL NUMBER
LC control number sa 64004709
035 ## - SYSTEM CONTROL NUMBER
System control number (OCoLC)24198406
040 ## - CATALOGING SOURCE
Original cataloging agency DLC
Transcribing agency ViU
Modifying agency DLC
050 00 - LIBRARY OF CONGRESS CALL NUMBER
Classification number KPL2832.A311922
Item number A4 1963
110 1# - MAIN ENTRY--CORPORATE NAME
Corporate name or jurisdiction name as entry element Pakistan.
240 10 - UNIFORM TITLE
Uniform title Laws, etc.
245 14 - TITLE STATEMENT
Title The Income-tax act, 1922 (XI of 1922) :
Remainder of title as modified up to the 25th January, 1963.
260 ## - PUBLICATION, DISTRIBUTION, ETC.
Place of publication, distribution, etc. Karachi :
Name of publisher, distributor, etc. Manager of Publications,
Date of publication, distribution, etc. 1963.
300 ## - PHYSICAL DESCRIPTION
Extent 173 p. ;
Dimensions 25 cm.
500 ## - GENERAL NOTE
General note At head of title: Governmnet of Pakistan, Ministry of Law and Parliamentary Affairs, Law Division.
500 ## - GENERAL NOTE
General note Corrigenda slip inserted.
650 #0 - SUBJECT ADDED ENTRY--TOPICAL TERM
Topical term or geographic name entry element Income tax
General subdivision Law and legislation
Geographic subdivision Pakistan.
710 1# - ADDED ENTRY--CORPORATE NAME
Corporate name or jurisdiction name as entry element Pakistan.
Subordinate unit Law Division.

No items available.

Powered by Koha